000 00281nam a22001217a 4500
003 OSt
008 221118b |||||||| |||| 00| 0 eng d
041 _aeng
082 _a370.1523
_b DEH/AC
100 _aDehan, Robert F
_95309
245 _aAccelerated learning programs
942 _cBK
999 _c17581
_d17581